Country Word Search - Large Edition #2 - Statistics

General Stats
  • This quiz has been taken 8,403 times
  • The average score is 13 of 21
Answers on the Map
Answers color-coded by a green-red scale on the quiz's map according to % correct below.
 
Answer Stats
Country % Correct
Saudi Arabia
100%
Serbia
95%
Slovakia
95%
Switzerland
91%
Chad
86%
El Salvador
76%
Benin
72%
Sudan
71%
Poland
70%
Sierra Leone
62%
Australia
59%
South Africa
54%
Laos
50%
Togo
48%
Israel
43%
Spain
42%
Andorra
39%
Cuba
39%
Syria
36%
Ghana
33%
Nauru
30%
No matching quizzes found
Score Distribution
Percent of People with Each Score
Percentile by Number Answered
Your Score History
You have not taken this quiz